000
00302nam a22001457a 4500
008
221223b ||||| |||| 00| 0 eng d
020
_a
2900201750804
041
_a
eng
080
_a
61
082
_a
61AND
100
_a
18
101
_a
SHKP
245
_a
ABAP OBJECTS
_c
KELLER H
942
_2
udc
_c
BK
999
_c
59227
_d
59227